01656nam a22003255a 450000500170000000800410001702000180005804000280007608200210010424501290012526000550025430000350030949000250034450000240036950400410039352002620043465000380069665000370073465100100077165300220078165500240080370000280082770000410085570000280089694200080092499900170093295201270094995201270107695201270120320201128023659.0160316s2009 enka frb 001 0 eng d a9780415772044 aEG-ScBUEbengcEG-ScBUE04a658.301bROU22204aThe Routledge companion to strategic human resource management /cedited by John Storey, Patrick M. Wright, and Dave Ulrich. aOxon :bRoutledge / Taylor & Francis Group,c2009. axxii, 529 p. :bill. ;c25 cm.0 aRoutledge companions aIndex : p. 519-529. aIncludes bibliographical references. a'The Routledge Companion to Strategic Human Resource Management' is a prestige reference work offering a comprehensive and authoritative overview of the field. It surveys the state of the discipline and introduces and makes sense of new cutting edge themes. 7aPersonnel management.2BUEsh9994 7aStrategic planning.2BUEsh91643 2BUEsh bBUSADMcMarch2016 vReading book9342321 aStorey, John, eeditor.1 aWright, Patrick M., eeditor.9175921 aUlrich, Dave, eeditor. 2ddc c21436d21408 00102ddc40708BaccahaMAINbMAINc1STd2016-03-16ePurchaseg890.00l0o658.301 ROUp000032065r2025-07-15 00:00:00yBB 00102ddc40708BaccahaMAINbMAINc1STd2016-03-16ePurchaseg890.00l0o658.301 ROUp000032066r2025-07-15 00:00:00yBB 00102ddc40708BaccahaMAINbMAINc1STd2016-03-16ePurchaseg890.00l0o658.301 ROUp000032067r2025-07-15 00:00:00yBB